| 000 | 00514nam a22001697a 4500 | ||
|---|---|---|---|
| 008 | 200304b xxu||||| |||| 00| 0 eng d | ||
| 020 | _a9789937211536 | ||
| 082 |
_a954.96 _bT829k |
||
| 100 | _aThapa , Rajeshwar | ||
| 245 |
_aKangchenjunga : The unique gift of nature _b( A brief narration of a mysterious mountain ) |
||
| 260 |
_aKathmandhu : _bPhupu Chowang Sherpa , _c2009 |
||
| 300 | _a272p.;illus. | ||
| 504 | _aBibliography .p. 267-269. | ||
| 650 | _aHistory | ||
| 651 | _aNepal | ||
| 942 |
_2ddc _cISBN |
||
| 999 |
_c95123 _d95112 |
||